000 00619cam a2200169 4500
001 WB3623-16
008 000000n2000 000 0 eng u
035 _a(Sirsi) u106492
245 _aWay paved for asbestos register
260 _c2000
490 _aConstruction News
_v(6670) 15 June 2000, 1(1)
520 _aThe HSC outlines plans to register all buildings contaminated with asbestos. Under proposals surveys would have to be carried out and records kept of the exact location and condition of the asbestos.
590 _aWB
650 _aASBESTOS REGISTER
690 _aHealth and safety
_96244
942 _n0
999 _c63796
_d63796